América Latina : (Record no. 100133)

MARC details
000 -CABECERA
campo de control de longitud fija 00898nam a2200253 a 4500
005 - FECHA Y HORA DE LA ÚLTIMA TRANSACCIÓN
campo de control 20250905063952.0
008 - ELEMENTOS DE LONGITUD FIJA--INFORMACIÓN GENERAL
campo de control de longitud fija 030815s1995 ag r 000 0 spa d
020 ## - NÚMERO INTERNACIONAL NORMALIZADO PARA LIBROS
Número Internacional Estándar del Libro 9508080485
035 ## - NÚMERO DE CONTROL DEL SISTEMA
Número de control de sistema UPN01000127954
049 ## - COLECCIÓN
Colección CG
050 #4 - SIGNATURA TOPOGRÁFICA DE LA BIBLIOTECA DEL CONGRESO
Número de clasificación F1418
Número de documento/Ítem P4.2
100 1# - ASIENTO PRINCIPAL--NOMBRE PERSONAL
Nombre de persona Petras, James F.,
Fechas asociadas al nombre 1937-
9 (RLIN) 39151
245 10 - MENCIÓN DE TÍTULO
Título América Latina :
Resto del título pobreza de la democracia y democracia de la pobreza /
Mención de responsabilidad, etc. James Petras ; colab. Morris Morley.
260 ## - PUBLICACIÓN, DISTRIBUCIÓN, ETC.
Lugar de publicación, distribución, etc. Rosario, Arg. :
Nombre del editor, distribuidor, etc. Homo Sapiens,
Fecha de publicación, distribución, etc. c1995.
300 ## - DESCRIPCIÓN FÍSICA
Extensión 169 p.
440 #0 - MENCIÓN DE SERIE/ASIENTO SECUNDARIO--TÍTULO
Título Estudios sociales
650 #4 - ASIENTO SECUNDARIO DE MATERIA - TERMINO TEMATICO
Término de materia o nombre geográfico como elemento de entrada DEMOCRACIA -
Subdivisión geográfica AMERICA LATINA
9 (RLIN) 7543
650 #4 - ASIENTO SECUNDARIO DE MATERIA - TERMINO TEMATICO
Término de materia o nombre geográfico como elemento de entrada SOCIALISMO -
Subdivisión geográfica AMERICA LATINA
9 (RLIN) 22618
651 #4 - ASIENTO SECUNDARIO DE MATERIA - NOMBRE GEOGRAFICO
Nombre geográfico AMERICA LATINA -
Subdivisión general RELACIONES -
Subdivisión geográfica ESTADOS UNIDOS
9 (RLIN) 3998
651 #4 - ASIENTO SECUNDARIO DE MATERIA - NOMBRE GEOGRAFICO
Nombre geográfico ESTADOS UNIDOS -
Subdivisión general RELACIONES -
Subdivisión geográfica AMERICA LATINA
9 (RLIN) 17517
651 #4 - ASIENTO SECUNDARIO DE MATERIA - NOMBRE GEOGRAFICO
Nombre geográfico América Latina
Subdivisión general Condiciones económicas
9 (RLIN) 2747
700 1# - ASIENTO SECUNDARIO--NOMBRE DE PERSONAL
Nombre de persona Morley, Morris,
Término indicativo de función/relación colab.
905 ## - TIPO DE MATERIAL
Tipo de material Libro
Holdings
Estado de retiro Estado de pérdida Fuente del sistema de clasificación o colocación Estado dañado No para préstamo Código de colección Localización permanente Ubicación/localización actual Ubicación en estantería Total de préstamos Clasificación Código de barras Fecha visto por última vez Número de copia Tipo de ítem Koha
    Library of Congress Classification     Colección General Bib. Gregorio Torres Quintero Bib. Gregorio Torres Quintero Planta baja 5 F1418 P4.2 216839 31/12/2020 1 Libro